000
00267nam a2200109Ia 4500
008
201216s9999 xx 000 0 und d
100
_a
Selden, William
245
0
_a
(The) Business Dictionary
260
_a
Englewood Cliffs
_b
Prentice Hall
300
_a
218
942
_c
BK
999
_c
6643
_d
6643